00815 2200301 4500001002100000005001500021035002000036007000300056040001700059100002800076245005600104250001000160300003200170020001800202041000800220082001100228084001700239090001700256264003200273336002100305337003000326338002300356500003300379650002800412850001000440008004100450990002200491INLIS00000000001342820260415094901 a0010-0725000187ta aSBPUPADbind0 aKhairul AmriePengarang1 aBudi Daya Ikan Nila Secara Intensif /cKhairul Amri aCet.9 ax, 146 hlm :bilus. ;c23cm a979-3357-00-2 bind a639.31 a639.31 KHA b a639.31 KHA b aJakarta :bAgroMedia,c2003 2rdacontentaTeks 2rdamediaatanpa perantara 2rdacarrieravolume aprofil penulis : hlm 144-145 4aBudidaya Ikan Air Tawar aPUPAD260415 0  a39.235/S/DPK/2025